Our common estate: papers presented at a conference held in October 1992 on research into urban and rural development in the third world. (Record no. 94059)

MARC details
000 -LEADER
fixed length control field 01851cam a2200301 4500
008 - FIXED-LENGTH DATA ELEMENTS--GENERAL INFORMATION
fixed length control field 090401t1993 xxu||||| |||| 00| 0 eng d
020 ## - INTERNATIONAL STANDARD BOOK NUMBER
International Standard Book Number 0854065946
035 ## - SYSTEM CONTROL NUMBER
System control number (Sirsi) u58348
041 ## - LANGUAGE CODE
Language code of text/sound track or separate title eng
050 ## - LIBRARY OF CONGRESS CALL NUMBER
Classification number 330.91724
090 ## - LOCALLY ASSIGNED LC-TYPE CALL NUMBER (OCLC); LOCAL CALL NUMBER (RLIN)
Classification number (OCLC) (R) ; Classification number, CALL (RLIN) (NR) RICS 1993/47ABCD
110 ## - MAIN ENTRY--CORPORATE NAME
Corporate name or jurisdiction name as entry element Royal Institution of Chartered Surveyors
9 (RLIN) 4900
245 ## - TITLE STATEMENT
Title Our common estate: papers presented at a conference held in October 1992 on research into urban and rural development in the third world.
260 ## - PUBLICATION, DISTRIBUTION, ETC.
Place of publication, distribution, etc. London
Name of publisher, distributor, etc. RICS
Date of publication, distribution, etc. 1993
300 ## - PHYSICAL DESCRIPTION
Extent 85p. ; 30cm.
350 ## - PRICE (NR) (BK AM CF MU VM SE) [OBSOLETE]
Price 20
520 ## - SUMMARY, ETC.
Summary, etc. Papers :- Urbanisation and policy development in developing countries: the economic framework and some comparative perspectives/ PUGH, CEDRIC - Maintenance of low cost buildings in developing countries/ BRITTEN, JOHN & SMITH, RAY - Appropriate building technologies: constraints to their specification in building projects/ WELLS, JILL - The challenge of low-cost housing in Africa: an analysis of the Kenyan experience/ JOSHI, ATUL - The cost factor in appropriate architecture/ AVERY, DAVID - The Agricultural Landlord and Tenant Act in the development of Fiji/ MUNRO-FAURE, PAUL - Improving local government taxation in Malaysia through expert systems/ GRONOW, STUART - The education and training of valuers in China/ PLIMMER, FRANCES - Developing quantity surveying and developing countries/ INGLIS, LLOYD - Energy expansion in less developed countries: capacity versus energy conservation: the case for Nigeria/ EBOHON, JOHN.
650 ## - SUBJECT ADDED ENTRY--TOPICAL TERM
Topical term or geographic name entry element AGRICULTURAL LANDLORD AND TENANT ACT 1966
650 ## - SUBJECT ADDED ENTRY--TOPICAL TERM
Topical term or geographic name entry element DEVELOPING COUNTRIES
650 ## - SUBJECT ADDED ENTRY--TOPICAL TERM
Topical term or geographic name entry element KENYA
650 ## - SUBJECT ADDED ENTRY--TOPICAL TERM
Topical term or geographic name entry element LOW-COST HOUSING
650 ## - SUBJECT ADDED ENTRY--TOPICAL TERM
Topical term or geographic name entry element BUILT ENVIRONMENT-QUANTITY SURVEYING
650 ## - SUBJECT ADDED ENTRY--TOPICAL TERM
Topical term or geographic name entry element RURAL DEVELOPMENT
650 ## - SUBJECT ADDED ENTRY--TOPICAL TERM
Topical term or geographic name entry element URBAN DEVELOPMENT
690 ## - LOCAL SUBJECT ADDED ENTRY--TOPICAL TERM (OCLC, RLIN)
Topical term or geographic name as entry element OVERSEAS-REST OF THE WORLD
942 ## - ADDED ENTRY ELEMENTS (KOHA)
Suppress in OPAC 0
948 ## - LOCAL PROCESSING INFORMATION (OCLC); SERIES PART DESIGNATOR (RLIN)
c (OCLC) 04/03/1997
Holdings
Withdrawn status Lost status Source of classification or shelving scheme Damaged status Not for loan Home library Current library Shelving location Date acquired Cost, normal purchase price Total Checkouts Full call number Barcode Date last seen Copy number Cost, replacement price Price effective from Koha item type
    Dewey Decimal Classification     London London RICS Boxes 24/08/1993 20.00   RICS 1993/47 30039477 06/08/2019 1 20.00 06/08/2019 Archive
    Dewey Decimal Classification     London London RICS Boxes 24/08/1993 20.00   RICS 1993/47 30039478 06/08/2019 2 20.00 06/08/2019 Reference material
    Dewey Decimal Classification     London London RICS Boxes 24/08/1993 20.00   RICS 1993/47 30039479 06/08/2019 3 20.00 06/08/2019 Book